000
00301nam a22001337a 4500
008
170327b xxu||||| |||| 00| 0 eng d
020
_a
9780924674778
041
_a
eng
080
_a
615.83
100
_a
8
101
_a
SHM
245
_a
ENHACING PHYSICIAN PERFORMANCE
_c
RANSOM, S.B
942
_2
udc
_c
BK
999
_c
8687
_d
8687